000
00329nam a22001457a 4500
008
210426b ||||| |||| 00| 0 eng d
020
_a
9781631896934
041
_a
eng
080
_2
1st
_a
91
082
_a
91
100
_a
42
101
_a
GJEO
245
_a
Human Geography A Serious Introduction
_c
Warf,B
942
_2
udc
_c
BK
999
_c
56741
_d
56741